00868nam a2200241Ia 4500003000400000005001700004008004100021020001400062040000700076041000800083082001800091100004600109245007900155260003600234300001800270365001700288440000800305650001900313906012300332942001200455999001900467952014000486OSt20230424095654.0210423s1995 xx 000 0 und d a121821536 cAL aeng a574.1925 ABEJ aABELSON (John N);SIMON (Melvin I).991824 aMethods in enzymology: RNA polymerase and associated factors part B. V274. aSan DiegobAcademic Pressc1995 axxxiv,566bPB b9122.49cUSD v274 aEnzymes991825 a274. ; associated ; B. ; B.vol ; enzymology ; enzymology. ; enzymology: ; factors ; Methods ; polymerase ; RNA ; V274. 2ddccBK c162509d162509 001040708BTaSACPGbSACPGd2003-04-17ePrism Books Pvt Ltdg9122.49l0o574.1925 ABEJpPG009002r2022-08-24 00:00:00w2021-04-26yBK